banner-ar

EGYPTIAN - TYPE DOCUMENTS: FROM THE MEDITERRANEAN LITERAL OF THE IBERIAN PENINNSULA BEFORE THE ROMAN CONQUEST / (Record no. 15307)

MARC details
000 -الفاتح
حقل البيانات ثابتة الطول 00555nam a2200169Ia 4500
008 - عناصر البيانات ثابتة الطول - معلومات عامة
حقل البيانات ثابتة الطول 140319s9999 xx 000 0 eng d
040 ## - مصدر الفهرسة
وكالة الفهرسة الأصلية GCL /
وكالة النسخ GCL
082 04 - رقم تصنيف ديوى العشرى
رقم التصنيف CC
رقم المادة 025.00932
-- P E
100 1# - المدخل الرئيسى - إسم شخصى
الإسم الشخصى PARCERISA, JOSEP PADRO I
245 10 - بيان العنوان
العنوان EGYPTIAN - TYPE DOCUMENTS: FROM THE MEDITERRANEAN LITERAL OF THE IBERIAN PENINNSULA BEFORE THE ROMAN CONQUEST /
بيان المسئوليه,etc PARCERISA, JOSEP PADRO I
260 ## - PUBLICATION, DISTRIBUTION, ETC. (IMPRINT)
تاريخ النشر أو التوزيع 1980
650 04 - المدخل الاضافى بالموضوع-مصطلح موضوعى
مصطلح موضوعي ANCIENT EGYPTIAN DOCUMENTS
650 04 - المدخل الاضافى بالموضوع-مصطلح موضوعى
مصطلح موضوعي ANCIENT EGYPT
650 04 - المدخل الاضافى بالموضوع-مصطلح موضوعى
مصطلح موضوعي EGYPTOLOGY
942 ## - عناصر المدخل الإضافي( كوها)
مصدر التصنيف او مخطط الترفيف Dewey Decimal Classification
Koha [default] item type كتاب
260 ## - PUBLICATION, DISTRIBUTION, ETC. (IMPRINT)
-- [S.N] :
-- E. J. BRILL ،
Holdings
حالة التراجع حالة الفقد حالة تلف ليس للاعارة المكان المؤقت الموقع الحالى تاريخ الاكتساب اجمالي اﻻعارات رقم الطلب الباركود تاريخ اخر مشاهدة تاريخ تفعيل السعر نوع وعاء كوها
        مكتبة القاهرة الكبرى مكتبة القاهرة الكبرى 03/26/2014   CC\025.00932\P E 28391 03/26/2014 03/26/2014 كتاب
        مكتبة القاهرة الكبرى مكتبة القاهرة الكبرى 03/26/2014   CC\025.00932\P E 28392 03/26/2014 03/26/2014 كتاب
        مكتبة القاهرة الكبرى مكتبة القاهرة الكبرى 03/26/2014   CC\025.00932\P E 28393 03/26/2014 03/26/2014 كتاب

Powered By

EGPV